00395nam a2200157Ia 4500008004100000020001800041245002600059245005500085260001500140260001600155260000900171300001400180300002500194300001000219500000800229170705s9999 xx 000 0 und d a9780545101554 aFroggy plays t-ball / cJonathan London ; illustrated by Frank Remkiewicz. aNew York : bScholastic, c2007 aunpaged : bcolor illustration ; c21cm. a500